Generador geométrico. (Record no. 25871)
[ view plain ]
| 000 -CABECERA | |
|---|---|
| campo de control de longitud fija | 00835nam a2200241 a 4500 |
| 005 - FECHA Y HORA DE LA ÚLTIMA TRANSACCIÓN | |
| campo de control | 20231024063640.0 |
| 008 - ELEMENTOS DE LONGITUD FIJA--INFORMACIÓN GENERAL | |
| campo de control de longitud fija | 991125s1991 mx 000 0 spa u |
| 035 ## - NÚMERO DE CONTROL DEL SISTEMA | |
| Número de control de sistema | UPN01000025871 |
| 049 ## - COLECCIÓN | |
| Colección | I |
| 050 #4 - SIGNATURA TOPOGRÁFICA DE LA BIBLIOTECA DEL CONGRESO | |
| Número de clasificación | LB1028.68 |
| Número de documento/Ítem | G46 1991 |
| 245 00 - MENCIÓN DE TÍTULO | |
| Título | Generador geométrico. |
| 260 ## - PUBLICACIÓN, DISTRIBUCIÓN, ETC. | |
| Lugar de publicación, distribución, etc. | México : |
| Nombre del editor, distribuidor, etc. | ETRATEC, |
| Fecha de publicación, distribución, etc. | 1991. |
| 300 ## - DESCRIPCIÓN FÍSICA | |
| Extensión | 3 v. : |
| Otras características físicas | il. |
| 440 #0 - MENCIÓN DE SERIE/ASIENTO SECUNDARIO--TÍTULO | |
| Título | Galileo. |
| Nombre de parte o sección de la obra | Computadoras en la educación |
| 500 ## - NOTA GENERAL | |
| Nota general | "La biblioteca tiene: Guía de experimentos y Manual de operación" |
| 500 ## - NOTA GENERAL | |
| Nota general | Incluye 1 disquete de 3 1/2 para los tres volúmenes |
| 505 8# - NOTA DE CONTENIDO CON FORMATO PREESTABLECIDO | |
| Nota de contenido con formato | Contenido: |
| Título | Manual de operación -- |
| -- | Guía de experimentos |
| 650 #4 - ASIENTO SECUNDARIO DE MATERIA - TERMINO TEMATICO | |
| Término de materia o nombre geográfico como elemento de entrada | COMPUTADORAS - |
| Subdivisión de forma | MANUALES |
| 9 (RLIN) | 7641 |
| 650 #4 - ASIENTO SECUNDARIO DE MATERIA - TERMINO TEMATICO | |
| Término de materia o nombre geográfico como elemento de entrada | Geometría |
| Subdivisión general | Estudio y enseñanza (Elemental) |
| 9 (RLIN) | 4869 |
| 650 #4 - ASIENTO SECUNDARIO DE MATERIA - TERMINO TEMATICO | |
| Término de materia o nombre geográfico como elemento de entrada | INSTRUCCION MEDIANTE COMPUTADOR |
| 9 (RLIN) | 4980 |
| 905 ## - TIPO DE MATERIAL | |
| Tipo de material | Infantil |
| Estado de retiro | Estado de pérdida | Fuente del sistema de clasificación o colocación | Estado dañado | No para préstamo | Código de colección | Localización permanente | Ubicación/localización actual | Ubicación en estantería | Enumeración/cronología de publicación seriada | Total de préstamos | Clasificación | Código de barras | Fecha visto por última vez | Número de copia | Tipo de ítem Koha |
|---|---|---|---|---|---|---|---|---|---|---|---|---|---|---|---|
| Library of Congress Classification | Coleccion Esp. | Infantil | Bib. Gregorio Torres Quintero | Bib. Gregorio Torres Quintero | Sala infantil Planta baja | - | LB1028.68 G46 1991 | 48035LE | 31/12/2020 | 1 | Libro |
